[Event "MCR mladeze v rapidu 2019"]
[Site "Trest"]
[Date "2019.09.07"]
[Round "1"]
[White "Pecka, Jan"]
[Black "Frank, Adam"]
[Result "0-1"]
[BlackElo "2371"]
[WhiteElo "1705"]
[LiveChessVersion "1.4.8"]

1. e4 {[%clk 0:20:07]} d6 {[%clk 0:20:10]} 2. d4 {[%clk 0:20:05]} Nf6
{[%clk 0:20:14]} 3. Bd3 {[%clk 0:20:07]} g6 {[%clk 0:20:16]} 4. Nf3
{[%clk 0:19:55]} Bg7 {[%clk 0:20:18]} 5. O-O {[%clk 0:19:54]} O-O
{[%clk 0:20:21]} 6. c4 {[%clk 0:19:48]} c5 {[%clk 0:19:58]} 7. d5
{[%clk 0:18:53]} Nbd7 {[%clk 0:19:33]} 8. Bd2 {[%clk 0:18:25]} Ng4
{[%clk 0:19:13]} 9. Bc3 {[%clk 0:18:22]} Nge5 {[%clk 0:19:10]} 10. Nxe5
{[%clk 0:17:47]} Nxe5 {[%clk 0:18:53]} 11. Be2 {[%clk 0:17:43]} g5
{[%clk 0:16:55]} 12. f3 {[%clk 0:14:00]} f5 {[%clk 0:15:38]} 13. Nd2
{[%clk 0:13:51]} f4 {[%clk 0:15:39]} 14. Qc2 {[%clk 0:13:10]} b6 {[%clk 0:14:52]}
15. Nb3 {[%clk 0:11:05]} h5 {[%clk 0:14:49]} 16. Nc1 {[%clk 0:10:17]} Qe8
{[%clk 0:14:22]} 17. Nd3 {[%clk 0:09:55]} Qg6 {[%clk 0:13:58]} 18. Nxe5
{[%clk 0:09:57]} Bxe5 {[%clk 0:13:49]} 19. Bxe5 {[%clk 0:09:44]} dxe5
{[%clk 0:13:53]} 20. Rab1 {[%clk 0:09:00]} a5 {[%clk 0:13:33]} 21. b3
{[%clk 0:08:34]} g4 {[%clk 0:13:22]} 22. a3 {[%clk 0:07:34]} gxf3
{[%clk 0:11:25]} 23. Bxf3 {[%clk 0:07:38]} Bg4 {[%clk 0:11:25]} 24. Kh1
{[%clk 0:07:01]} Kf7 {[%clk 0:09:03]} 25. b4 {[%clk 0:05:39]} axb4
{[%clk 0:07:00]} 26. axb4 {[%clk 0:05:42]} Ra7 {[%clk 0:06:24]} 27. bxc5
{[%clk 0:05:29]} bxc5 {[%clk 0:06:28]} 28. Rb2 {[%clk 0:03:28]} Rfa8
{[%clk 0:06:30]} 29. Qf2 {[%clk 0:03:21]} Ra1 {[%clk 0:05:31]} 30. Rfb1
{[%clk 0:03:13]} R8a2 {[%clk 0:03:59]} 31. Qf1 {[%clk 0:02:46]} Rxb2
{[%clk 0:03:31]} 32. Rxa1 {[%clk 0:02:49]} Qb6 {[%clk 0:03:25]} 33. g3
{[%clk 0:00:12]} Rb3 {[%clk 0:02:22]} 34. Bxg4 {[%clk 0:00:14]} hxg4
{[%clk 0:02:27]} 35. gxf4 {[%clk 0:00:15]} Rf3 {[%clk 0:02:31]} 36. Qe2
{[%clk 0:00:11]} exf4 {[%clk 0:02:09]} 37. Rf1 {[%clk 0:00:09]} Qb3
{[%clk 0:02:08]} 38. Rg1 {[%clk 0:00:07]} g3 {[%clk 0:02:06]} 39. hxg3 Qc3
{[%clk 0:01:06]} 40. Kg2 {[%clk 0:00:06]} Rxg3+ {[%clk 0:01:05]} 41. Kh1
{[%clk 0:00:08]} Qh8+ {[%clk 0:01:07]} 0-1

[Event "MCR mladeze v rapidu 2019"]
[Site "Trest"]
[Date "2019.09.07"]
[Round "1"]
[White "Jun, Rudolf"]
[Black "Kolar, Jan"]
[Result "1-0"]
[BlackElo "1697"]
[WhiteElo "2209"]
[LiveChessVersion "1.4.8"]

1. e4 c5 2. Nf3 d6 3. Bb5+ Bd7 4. Bxd7+ Nxd7 5. c4 Ngf6 6. Nc3 g6 7. d4 cxd4 8.
Nxd4 Bg7 9. O-O O-O 10. b3 a6 11. Be3 Rc8 12. Rc1 Qa5 13. Qd2 Rfe8 14. f3 Ne5 15.
Rfd1 Nc6 16. Nde2 b5 17. Nd5 Qxd2 18. Rxd2 Nxd5 19. exd5 Na5 20. Rdc2 bxc4 21. b4
Nb7 22. Rxc4 Rxc4 23. Rxc4 Kf8 24. Rc7 Nd8 25. Kf2 e6 26. dxe6 Nxe6 27. Rc6 Rb8
28. Rxd6 Rxb4 29. Rxe6 1-0

[Event "MCR mladeze v rapidu 2019"]
[Site "Trest"]
[Date "2019.09.07"]
[Round "1"]
[White "Vestfal, Jan"]
[Black "Vojta, Jakub"]
[Result "1/2-1/2"]
[BlackElo "2086"]
[WhiteElo "1691"]
[LiveChessVersion "1.4.8"]

1. e4 {[%clk 0:20:09]} c5 {[%clk 0:20:08]} 2. c3 {[%clk 0:20:11]} d5
{[%clk 0:20:08]} 3. exd5 {[%clk 0:20:14]} Qxd5 {[%clk 0:20:12]} 4. d4
{[%clk 0:20:18]} g6 {[%clk 0:19:59]} 5. Nf3 {[%clk 0:19:09]} Bg7 {[%clk 0:19:56]}
6. Na3 {[%clk 0:18:49]} Nf6 {[%clk 0:18:22]} 7. Bc4 {[%clk 0:18:18]} Qh5
{[%clk 0:17:36]} 8. Nb5 {[%clk 0:15:45]} Na6 {[%clk 0:17:11]} 9. Qb3
{[%clk 0:11:03]} O-O {[%clk 0:16:39]} 10. Ne5 {[%clk 0:10:48]} g5
{[%clk 0:12:55]} 11. Be2 {[%clk 0:06:52]} g4 {[%clk 0:12:41]} 12. f3
{[%clk 0:04:54]} cxd4 {[%clk 0:11:26]} 13. cxd4 {[%clk 0:04:54]} g3
{[%clk 0:08:25]} 14. h3 {[%clk 0:03:33]} Be6 {[%clk 0:08:17]} 15. Qd1
{[%clk 0:02:06]} Nd5 {[%clk 0:07:44]} 16. f4 {[%clk 0:01:58]} Qh4
{[%clk 0:07:34]} 17. Nf3 {[%clk 0:01:38]} Qf6 {[%clk 0:07:37]} 18. Ne5
{[%clk 0:00:41]} Rfd8 {[%clk 0:05:48]} 19. O-O {[%clk 0:00:39]} Bf5
{[%clk 0:05:23]} 20. Bg4 {[%clk 0:00:33]} Nac7 {[%clk 0:04:32]} 21. Bxf5
{[%clk 0:00:28]} Qxf5 {[%clk 0:04:28]} 22. Nc3 {[%clk 0:00:25]} Rac8
{[%clk 0:04:06]} 23. Qb3 {[%clk 0:00:21]} Nb6 {[%clk 0:03:19]} 24. Ne2
{[%clk 0:00:14]} Qe6 {[%clk 0:02:36]} 25. Qd3 {[%clk 0:00:13]} f6
{[%clk 0:02:27]} 26. Nf3 {[%clk 0:00:14]} Ncd5 {[%clk 0:02:14]} 27. Nxg3
{[%clk 0:00:16]} Nb4 {[%clk 0:01:41]} 28. Qd2 {[%clk 0:00:15]} a5
{[%clk 0:01:29]} 29. f5 {[%clk 0:00:19]} Qd5 {[%clk 0:01:20]} 30. Nh5
{[%clk 0:00:22]} Rc2 {[%clk 0:01:17]} 31. Qe3 {[%clk 0:00:24]} Rd7
{[%clk 0:00:53]} 32. Nxg7 {[%clk 0:00:27]} Kxg7 {[%clk 0:00:57]} 33. Qh6+
{[%clk 0:00:29]} Kg8 {[%clk 0:00:59]} 34. Nh4 {[%clk 0:00:29]} Qxd4+
{[%clk 0:00:19]} 35. Kh1 {[%clk 0:00:32]} Qe4 {[%clk 0:00:14]} 36. Rf4
{[%clk 0:00:22]} Rd1+ {[%clk 0:00:17]} 37. Kh2 {[%clk 0:00:26]} Qe5
{[%clk 0:00:18]} 38. Nf3 {[%clk 0:00:13]} Qe2 {[%clk 0:00:11]} 39. Rg4+
{[%clk 0:00:16]} Kf7 {[%clk 0:00:16]} 40. Qxh7+ {[%clk 0:00:20]} Ke8
{[%clk 0:00:20]} 41. Qg8+ {[%clk 0:00:12]} Kd7 {[%clk 0:00:25]} 42. Rg3
{[%clk 0:00:14]} Rcxc1 {[%clk 0:00:19]} 43. Rxc1 {[%clk 0:00:17]} Rxc1
{[%clk 0:00:23]} 44. Nd4 {[%clk 0:00:20]} Qe1 {[%clk 0:00:19]} 45. Rg7
{[%clk 0:00:11]} Qe5+ {[%clk 0:00:19]} 46. g3 {[%clk 0:00:09]} Qe4
{[%clk 0:00:09]} 47. Qe6+ {[%clk 0:00:08]} Qxe6 {[%clk 0:00:13]} 48. fxe6+
{[%clk 0:00:11]} Kd6 {[%clk 0:00:15]} 49. h4 {[%clk 0:00:11]} Rd1
{[%clk 0:00:12]} 50. Nf5+ {[%clk 0:00:13]} Kxe6 {[%clk 0:00:15]} 51. g4
{[%clk 0:00:14]} Rd2+ {[%clk 0:00:19]} 52. Kg1 {[%clk 0:00:18]} Rxb2
{[%clk 0:00:23]} 53. Rxe7+ {[%clk 0:00:20]} Kd5 {[%clk 0:00:27]} 54. Rxb7
{[%clk 0:00:18]} Nc4 {[%clk 0:00:26]} 55. h5 {[%clk 0:00:15]} Ke4
{[%clk 0:00:16]} 56. Re7+ {[%clk 0:00:14]} Kf3 {[%clk 0:00:17]} 57. h6
{[%clk 0:00:13]} Nd3 {[%clk 0:00:07]} 58. h7 {[%clk 0:00:10]} Nf2
{[%clk 0:00:07]} 59. Nh4+ {[%clk 0:00:13]} Kg3 {[%clk 0:00:11]} 60. Nf5+
{[%clk 0:00:16]} Kf3 {[%clk 0:00:11]} 61. Re1 {[%clk 0:00:07]} Nh3+
{[%clk 0:00:13]} 62. Kh1 {[%clk 0:00:11]} Nf2+ {[%clk 0:00:18]} 63. Kg1
{[%clk 0:00:15]} Rb8 {[%clk 0:00:16]} 64. Rf1 {[%clk 0:00:16]} Kxg4
{[%clk 0:00:19]} 65. Rxf2 {[%clk 0:00:19]} Rh8 {[%clk 0:00:21]} 66. Nd4
{[%clk 0:00:14]} Rxh7 {[%clk 0:00:15]} 67. Rxf6 {[%clk 0:00:18]} Rd7
{[%clk 0:00:17]} 68. Nb3 {[%clk 0:00:12]} a4 {[%clk 0:00:12]} 69. Nc5
{[%clk 0:00:13]} Rd1+ {[%clk 0:00:16]} 70. Kf2 {[%clk 0:00:17]} Rd2+
{[%clk 0:00:20]} 71. Kg1 {[%clk 0:00:21]} Rxa2 {[%clk 0:00:22]} 72. Nxa4
{[%clk 0:00:22]} Rxa4 {[%clk 0:00:25]} 73. Rg6+ {[%clk 0:00:26]} Kf4
{[%clk 0:00:27]} 74. Rh6 {[%clk 0:00:27]} Ra1+ {[%clk 0:00:28]} 75. Kf2
{[%clk 0:00:30]} Ra2+ {[%clk 0:00:33]} 76. Ke1 {[%clk 0:00:33]} Ne5
{[%clk 0:00:32]} 77. Rf6+ {[%clk 0:00:36]} Ke3 {[%clk 0:00:35]} 78. Kd1
{[%clk 0:00:37]} Nc4 {[%clk 0:00:19]} 79. Re6+ Kd3 80. Ke1 {[%clk 0:00:32]} Ne3
{[%clk 0:00:20]} 81. Rd6+ {[%clk 0:00:32]} Ke4 {[%clk 0:00:23]} 82. Re6+
{[%clk 0:00:35]} Kf4 {[%clk 0:00:27]} 83. Rf6+ {[%clk 0:00:39]} Ke5
{[%clk 0:00:31]} 84. Rf8 {[%clk 0:00:34]} Nd5 {[%clk 0:00:31]} 85. Re8+
{[%clk 0:00:37]} Kd4 {[%clk 0:00:35]} 86. Rd8 {[%clk 0:00:39]} Ke4
{[%clk 0:00:35]} 87. Re8+ {[%clk 0:00:41]} Kd3 {[%clk 0:00:38]} 88. Rd8
{[%clk 0:00:38]} Ra5 {[%clk 0:00:42]} 89. Kf2 {[%clk 0:00:39]} Kd2
{[%clk 0:00:41]} 90. Kf3 {[%clk 0:00:36]} Kc3 {[%clk 0:00:45]} 91. Rc8+
{[%clk 0:00:39]} Kd4 {[%clk 0:00:49]} 92. Rd8 {[%clk 0:00:40]} Ra3+
{[%clk 0:00:51]} 93. Kg4 {[%clk 0:00:39]} Ra1 {[%clk 0:00:50]} 94. Kf3
{[%clk 0:00:33]} Rf1+ {[%clk 0:00:52]} 95. Ke2 {[%clk 0:00:36]} Rf5
{[%clk 0:00:56]} 96. Rd7 {[%clk 0:00:33]} Ke4 {[%clk 0:00:57]} 97. Rd8
{[%clk 0:00:32]} Re5 {[%clk 0:00:54]} 98. Kd2 {[%clk 0:00:34]} Rh5
{[%clk 0:00:52]} 99. Re8+ {[%clk 0:00:36]} Kd4 {[%clk 0:00:57]} 100. Rd8
{[%clk 0:00:39]} Rh2+ {[%clk 0:01:01]} 101. Ke1 {[%clk 0:00:39]} Ke3
{[%clk 0:00:57]} 102. Re8+ {[%clk 0:00:42]} Kf3 {[%clk 0:00:59]} 103. Rf8+
{[%clk 0:00:43]} Nf4 {[%clk 0:01:03]} 104. Kd1 {[%clk 0:00:39]} Ke3
{[%clk 0:01:04]} 105. Re8+ {[%clk 0:00:41]} Kd3 {[%clk 0:01:08]} 106. Rd8+
{[%clk 0:00:44]} Ke3 {[%clk 0:01:12]} 1/2-1/2

[Event "MCR mladeze v rapidu 2019"]
[Site "Trest"]
[Date "2019.09.07"]
[Round "1"]
[White "Petricek, Lukas"]
[Black "Duriancik, Michal"]
[Result "1-0"]
[BlackElo "1681"]
[WhiteElo "2023"]
[LiveChessVersion "1.4.8"]

1. e4 {[%clk 0:20:06]} c5 {[%clk 0:20:02]} 2. c3 {[%clk 0:20:10]} Nc6
{[%clk 0:19:48]} 3. d4 {[%clk 0:20:13]} cxd4 {[%clk 0:19:50]} 4. cxd4
{[%clk 0:20:18]} e6 {[%clk 0:19:39]} 5. Nc3 {[%clk 0:20:17]} Bb4 {[%clk 0:19:33]}
6. Nf3 {[%clk 0:19:45]} Nge7 {[%clk 0:18:52]} 7. d5 {[%clk 0:18:27]} exd5
{[%clk 0:17:25]} 8. exd5 {[%clk 0:18:28]} Na5 {[%clk 0:16:57]} 9. Qd4
{[%clk 0:14:32]} Bxc3+ {[%clk 0:15:12]} 10. bxc3 {[%clk 0:14:03]} Nf5
{[%clk 0:14:28]} 11. Qe5+ {[%clk 0:11:09]} Qe7 {[%clk 0:14:26]} 12. Ba3
{[%clk 0:10:45]} Qxe5+ {[%clk 0:12:07]} 13. Nxe5 {[%clk 0:10:47]} d6
{[%clk 0:11:52]} 14. Bb5+ {[%clk 0:10:30]} Ke7 {[%clk 0:10:07]} 15. O-O
{[%clk 0:07:18]} f6 {[%clk 0:08:46]} 16. Nf3 {[%clk 0:06:39]} a6 {[%clk 0:07:45]}
17. Bd3 {[%clk 0:06:31]} b5 {[%clk 0:06:57]} 18. Rfe1+ {[%clk 0:06:30]} Kf7
{[%clk 0:06:46]} 19. Bxf5 {[%clk 0:05:55]} Bxf5 {[%clk 0:06:48]} 20. Bxd6
{[%clk 0:05:57]} Nc4 {[%clk 0:05:10]} 21. Re7+ {[%clk 0:05:26]} Kg6
{[%clk 0:04:07]} 22. Bf4 {[%clk 0:05:08]} Bd3 {[%clk 0:02:58]} 23. Rd1
{[%clk 0:03:21]} Bc2 {[%clk 0:02:31]} 24. Rd4 {[%clk 0:02:34]} Rae8
{[%clk 0:01:27]} 25. Ra7 {[%clk 0:01:25]} a5 {[%clk 0:01:19]} 26. g4
{[%clk 0:01:27]} h6 {[%clk 0:00:52]} 27. d6 {[%clk 0:01:19]} Rd8 {[%clk 0:00:19]}
28. d7 {[%clk 0:01:22]} Ne5 {[%clk 0:00:07]} 29. Nxe5+ {[%clk 0:01:19]} fxe5
{[%clk 0:00:12]} 30. Bxe5 {[%clk 0:01:22]} Rdf8 {[%clk 0:00:13]} 31. Bc7
{[%clk 0:01:20]} Rf3 {[%clk 0:00:07]} 32. d8=Q {[%clk 0:01:21]} Rxd8
{[%clk 0:00:11]} 33. Rxd8 {[%clk 0:01:25]} 1-0

[Event "MCR mladeze v rapidu 2019"]
[Site "Trest"]
[Date "2019.09.07"]
[Round "1"]
[White "Vankova, Marie"]
[Black "Stastna, Martina"]
[Result "1/2-1/2"]
[BlackElo "1657"]
[WhiteElo "1476"]
[LiveChessVersion "1.4.8"]

1. e4 {[%clk 0:20:08]} e5 {[%clk 0:20:06]} 2. Nf3 {[%clk 0:20:10]} Nc6
{[%clk 0:19:58]} 3. Bc4 {[%clk 0:20:06]} Bc5 {[%clk 0:19:48]} 4. O-O
{[%clk 0:20:03]} Nf6 {[%clk 0:19:31]} 5. d4 {[%clk 0:19:59]} Nxd4
{[%clk 0:18:18]} 6. Nxe5 {[%clk 0:18:26]} O-O {[%clk 0:17:45]} 7. c3
{[%clk 0:17:51]} Nc6 {[%clk 0:17:27]} 8. Nxc6 {[%clk 0:17:46]} dxc6
{[%clk 0:17:28]} 9. Qxd8 {[%clk 0:17:28]} Rxd8 {[%clk 0:17:31]} 10. Bg5
{[%clk 0:17:11]} Re8 {[%clk 0:16:45]} 11. Bxf6 {[%clk 0:16:56]} gxf6
{[%clk 0:16:38]} 12. Nd2 {[%clk 0:16:40]} b5 {[%clk 0:16:22]} 13. Bb3
{[%clk 0:16:22]} Bb7 {[%clk 0:16:05]} 14. Rfe1 {[%clk 0:16:02]} Rad8
{[%clk 0:15:59]} 15. Nf1 {[%clk 0:15:35]} Bb6 {[%clk 0:15:27]} 16. Ng3
{[%clk 0:15:21]} Rd2 {[%clk 0:15:12]} 17. Rf1 {[%clk 0:14:40]} Red8
{[%clk 0:14:47]} 18. Rab1 {[%clk 0:14:02]} a5 {[%clk 0:14:25]} 19. Bd1
{[%clk 0:13:48]} Bxf2+ {[%clk 0:13:31]} 20. Rxf2 {[%clk 0:13:41]} Rxd1+
{[%clk 0:13:32]} 21. Rxd1 {[%clk 0:13:41]} Rxd1+ {[%clk 0:13:35]} 22. Rf1
{[%clk 0:12:44]} Rxf1+ {[%clk 0:13:25]} 23. Kxf1 {[%clk 0:12:45]} Kg7
{[%clk 0:13:22]} 24. Nf5+ {[%clk 0:12:02]} Kg6 {[%clk 0:12:33]} 25. Kf2
{[%clk 0:11:48]} c5 {[%clk 0:11:30]} 26. Kf3 {[%clk 0:11:23]} c4 {[%clk 0:10:52]}
27. h4 {[%clk 0:08:51]} h5 {[%clk 0:09:48]} 28. a3 {[%clk 0:07:55]} Kh7
{[%clk 0:06:15]} 29. Ng3 {[%clk 0:07:26]} Kg6 {[%clk 0:04:26]} 30. Nf5
{[%clk 0:07:19]} c5 {[%clk 0:03:22]} 31. Kf4 {[%clk 0:05:51]} b4 {[%clk 0:01:50]}
32. Nd6 {[%clk 0:03:36]} bxa3 {[%clk 0:00:37]} 33. bxa3 {[%clk 0:03:24]} Bc6
{[%clk 0:00:27]} 34. Nxc4 {[%clk 0:03:12]} a4 {[%clk 0:00:31]} 35. Nd6
{[%clk 0:02:48]} Bd7 {[%clk 0:00:17]} 36. g3 {[%clk 0:02:38]} 1/2-1/2

[Event "MCR mladeze v rapidu 2019"]
[Site "Trest"]
[Date "2019.09.07"]
[Round "1"]
[White "Trasakova, Adela"]
[Black "Nagyova, Daniela"]
[Result "1-0"]
[BlackElo "1467"]
[WhiteElo "1656"]
[LiveChessVersion "1.4.8"]

1. d4 {[%clk 0:20:07]} Nf6 {[%clk 0:20:05]} 2. Bf4 {[%clk 0:20:09]} e6
{[%clk 0:19:55]} 3. Nd2 {[%clk 0:19:54]} d5 {[%clk 0:19:31]} 4. e3
{[%clk 0:19:50]} c5 {[%clk 0:18:11]} 5. c3 {[%clk 0:19:51]} Nc6 {[%clk 0:17:19]}
6. Ngf3 {[%clk 0:19:18]} Be7 {[%clk 0:16:37]} 7. Ne5 {[%clk 0:18:32]} Nxe5
{[%clk 0:15:32]} 8. Bxe5 {[%clk 0:18:24]} Bd7 {[%clk 0:14:43]} 9. Bd3
{[%clk 0:17:44]} c4 {[%clk 0:14:22]} 10. Bc2 {[%clk 0:17:24]} Bc6
{[%clk 0:13:35]} 11. O-O {[%clk 0:16:31]} O-O {[%clk 0:13:07]} 12. Qf3
{[%clk 0:15:37]} Bd6 {[%clk 0:12:45]} 13. Bxf6 {[%clk 0:14:50]} Qxf6
{[%clk 0:12:47]} 14. Qxf6 {[%clk 0:14:46]} gxf6 {[%clk 0:12:50]} 15. e4
{[%clk 0:13:44]} Rfe8 {[%clk 0:12:07]} 16. exd5 {[%clk 0:12:35]} exd5
{[%clk 0:12:06]} 17. Rfe1 {[%clk 0:12:37]} Kg7 {[%clk 0:11:06]} 18. Nf1
{[%clk 0:12:03]} b5 {[%clk 0:10:58]} 19. Ne3 {[%clk 0:11:40]} Bc7
{[%clk 0:09:51]} 20. Re2 {[%clk 0:11:00]} Kh8 {[%clk 0:08:58]} 21. Rae1
{[%clk 0:10:33]} a6 {[%clk 0:08:32]} 22. h3 {[%clk 0:09:27]} Rad8
{[%clk 0:07:17]} 23. Kf1 {[%clk 0:08:59]} Kg8 {[%clk 0:07:10]} 24. Nf5
{[%clk 0:08:16]} Rxe2 {[%clk 0:07:06]} 25. Rxe2 {[%clk 0:08:15]} Bb7
{[%clk 0:06:43]} 26. Re7 {[%clk 0:07:35]} Rc8 {[%clk 0:06:16]} 27. Nh6+
{[%clk 0:04:45]} Kg7 {[%clk 0:06:11]} 28. Nf5+ {[%clk 0:04:29]} Kg8
{[%clk 0:06:14]} 29. h4 {[%clk 0:04:22]} Bc6 {[%clk 0:06:05]} 30. Nh6+
{[%clk 0:04:11]} Kg7 {[%clk 0:06:06]} 31. Rxf7+ {[%clk 0:04:08]} Kxh6
{[%clk 0:05:44]} 32. Rxh7# {[%clk 0:04:11]} 1-0

[Event "MCR mladeze v rapidu 2019"]
[Site "Trest"]
[Date "2019.09.07"]
[Round "1"]
[White "Ruzickova, Ema"]
[Black "Semova, Lada"]
[Result "0-1"]
[BlackElo "1424"]
[WhiteElo "1597"]
[LiveChessVersion "1.4.8"]

1. e4 {[%clk 0:20:08]} e5 {[%clk 0:20:09]} 2. Nf3 {[%clk 0:20:09]} Nc6
{[%clk 0:20:13]} 3. Bb5 {[%clk 0:20:11]} d6 {[%clk 0:20:17]} 4. O-O
{[%clk 0:20:01]} Nf6 {[%clk 0:20:12]} 5. Re1 {[%clk 0:19:42]} Be7
{[%clk 0:20:16]} 6. h3 {[%clk 0:19:07]} O-O {[%clk 0:20:18]} 7. c3
{[%clk 0:19:03]} a6 {[%clk 0:20:11]} 8. Ba4 {[%clk 0:18:54]} b5 {[%clk 0:20:15]}
9. Bc2 {[%clk 0:18:35]} Bb7 {[%clk 0:20:13]} 10. d4 {[%clk 0:18:07]} exd4
{[%clk 0:14:47]} 11. Nxd4 {[%clk 0:17:01]} Re8 {[%clk 0:14:25]} 12. Nd2
{[%clk 0:15:02]} Bf8 {[%clk 0:12:35]} 13. b3 {[%clk 0:08:58]} Qd7
{[%clk 0:10:42]} 14. Bb2 {[%clk 0:08:20]} Re7 {[%clk 0:06:35]} 15. Qf3
{[%clk 0:04:53]} Nxd4 {[%clk 0:05:12]} 16. cxd4 {[%clk 0:04:54]} Rae8
{[%clk 0:04:26]} 17. Qd1 {[%clk 0:02:27]} Nxe4 {[%clk 0:03:22]} 18. Nxe4 Bxe4
{[%clk 0:02:57]} 19. Bxe4 {[%clk 0:02:19]} Rxe4 {[%clk 0:03:01]} 20. Rxe4
{[%clk 0:02:10]} Rxe4 {[%clk 0:03:05]} 21. f3 {[%clk 0:01:47]} Re6
{[%clk 0:02:51]} 22. d5 {[%clk 0:01:42]} Rg6 {[%clk 0:02:19]} 23. Kh2
{[%clk 0:01:32]} Qf5 {[%clk 0:02:21]} 24. Qd2 {[%clk 0:01:21]} Qg5
{[%clk 0:01:29]} 25. Qxg5 {[%clk 0:01:12]} Rxg5 {[%clk 0:01:34]} 26. Rd1
{[%clk 0:01:11]} g6 {[%clk 0:01:37]} 27. h4 {[%clk 0:00:59]} Rf5 {[%clk 0:01:16]}
28. Rd3 {[%clk 0:00:59]} Bg7 {[%clk 0:01:11]} 29. g4 {[%clk 0:00:57]} Rf4
{[%clk 0:01:02]} 30. Bc1 {[%clk 0:01:00]} Rd4 {[%clk 0:00:46]} 31. Re3
{[%clk 0:01:02]} Kf8 {[%clk 0:00:41]} 32. Bb2 {[%clk 0:01:02]} Rd2+
{[%clk 0:00:44]} 33. Kg3 {[%clk 0:00:53]} Rxb2 {[%clk 0:00:48]} 34. f4
{[%clk 0:00:50]} Rxa2 {[%clk 0:00:51]} 35. f5 {[%clk 0:00:47]} Be5+
{[%clk 0:00:52]} 36. Kf3 {[%clk 0:00:47]} Rh2 {[%clk 0:00:52]} 37. fxg6
{[%clk 0:00:27]} Rh3+ {[%clk 0:00:44]} 38. Ke2 {[%clk 0:00:25]} Rxe3+
{[%clk 0:00:47]} 39. Kxe3 {[%clk 0:00:29]} hxg6 {[%clk 0:00:39]} 40. h5
{[%clk 0:00:30]} gxh5 {[%clk 0:00:43]} 41. gxh5 {[%clk 0:00:34]} Kg7
{[%clk 0:00:47]} 42. Kd3 {[%clk 0:00:30]} f5 {[%clk 0:00:45]} 43. Ke3
{[%clk 0:00:31]} Kh6 {[%clk 0:00:49]} 44. Kf3 {[%clk 0:00:31]} Kxh5
{[%clk 0:00:53]} 45. b4 {[%clk 0:00:31]} Bc3 {[%clk 0:00:57]} 46. Kf4
{[%clk 0:00:34]} Kg6 {[%clk 0:01:01]} 0-1

[Event "MCR mladeze v rapidu 2019"]
[Site "Trest"]
[Date "2019.09.07"]
[Round "1"]
[White "Paseka, Matyas"]
[Black "Simek, Viktor"]
[Result "1-0"]
[BlackElo "1546"]
[WhiteElo "2119"]
[LiveChessVersion "1.4.8"]

1. e4 {[%clk 0:20:08]} e5 {[%clk 0:20:09]} 2. Nf3 {[%clk 0:20:12]} Nc6
{[%clk 0:20:13]} 3. Bb5 {[%clk 0:20:15]} a6 {[%clk 0:20:14]} 4. Ba4
{[%clk 0:20:19]} Nf6 {[%clk 0:20:18]} 5. O-O {[%clk 0:20:22]} b5 {[%clk 0:20:10]}
6. Bb3 {[%clk 0:20:25]} d6 {[%clk 0:20:06]} 7. c3 {[%clk 0:18:50]} Be6
{[%clk 0:19:59]} 8. d4 {[%clk 0:18:03]} Bxb3 {[%clk 0:19:09]} 9. Qxb3
{[%clk 0:18:07]} Be7 {[%clk 0:18:45]} 10. a4 {[%clk 0:17:59]} Na5
{[%clk 0:16:41]} 11. Qc2 {[%clk 0:17:42]} exd4 {[%clk 0:16:07]} 12. Nxd4
{[%clk 0:16:39]} c5 {[%clk 0:14:20]} 13. Nf5 {[%clk 0:16:40]} O-O
{[%clk 0:14:02]} 14. Bf4 {[%clk 0:15:12]} Nh5 {[%clk 0:12:58]} 15. Be3
{[%clk 0:13:52]} g6 {[%clk 0:11:55]} 16. Qe2 {[%clk 0:12:11]} b4 {[%clk 0:08:18]}
17. cxb4 {[%clk 0:10:26]} cxb4 {[%clk 0:08:06]} 18. Nd2 {[%clk 0:10:26]} Bf6
{[%clk 0:07:15]} 19. Nh6+ {[%clk 0:08:48]} Kh8 {[%clk 0:07:01]} 20. Nc4
{[%clk 0:07:16]} Rc8 {[%clk 0:03:48]} 21. Rac1 {[%clk 0:06:21]} Nc6
{[%clk 0:02:38]} 22. Rfd1 {[%clk 0:06:02]} Be5 {[%clk 0:01:42]} 23. Nxe5
{[%clk 0:05:36]} Nxe5 {[%clk 0:01:40]} 24. Qxa6 {[%clk 0:04:18]} Rxc1
{[%clk 0:01:09]} 25. Bxc1 {[%clk 0:03:55]} Kg7 {[%clk 0:00:16]} 26. Rxd6
{[%clk 0:02:00]} Qc7 1-0

[Event "MCR mladeze v rapidu 2019"]
[Site "Trest"]
[Date "2019.09.07"]
[Round "1"]
[White "Mohapl, Tomas"]
[Black "Nemec, Jachym"]
[Result "1-0"]
[BlackElo "2033"]
[WhiteElo "1543"]
[LiveChessVersion "1.4.8"]

1. e4 {[%clk 0:20:08]} c5 {[%clk 0:20:09]} 2. Nf3 {[%clk 0:20:11]} d6
{[%clk 0:20:09]} 3. d4 {[%clk 0:20:15]} cxd4 {[%clk 0:20:13]} 4. Nxd4
{[%clk 0:20:18]} Nf6 {[%clk 0:20:16]} 5. Nc3 {[%clk 0:20:18]} Nc6
{[%clk 0:20:18]} 6. f3 {[%clk 0:20:04]} e6 {[%clk 0:20:14]} 7. Be3
{[%clk 0:19:58]} a6 {[%clk 0:20:14]} 8. Qd2 {[%clk 0:19:58]} Bd7 {[%clk 0:20:17]}
9. g4 {[%clk 0:19:49]} Be7 {[%clk 0:19:27]} 10. O-O-O {[%clk 0:19:50]} b5
{[%clk 0:18:47]} 11. Kb1 {[%clk 0:19:22]} Rc8 {[%clk 0:17:21]} 12. Nxc6
{[%clk 0:17:06]} Bxc6 {[%clk 0:17:21]} 13. g5 {[%clk 0:16:36]} Nd7
{[%clk 0:16:48]} 14. Bf4 {[%clk 0:14:02]} b4 {[%clk 0:14:53]} 15. Ne2
{[%clk 0:13:53]} e5 {[%clk 0:14:53]} 16. Be3 {[%clk 0:13:48]} a5 {[%clk 0:14:57]}
17. Nc1 {[%clk 0:13:42]} Qc7 {[%clk 0:13:43]} 18. h4 {[%clk 0:13:17]} Qb7
{[%clk 0:12:07]} 19. h5 {[%clk 0:12:22]} f5 {[%clk 0:11:44]} 20. gxf6
{[%clk 0:11:29]} Nxf6 {[%clk 0:11:47]} 21. Bh3 {[%clk 0:11:05]} Rd8
{[%clk 0:11:38]} 22. Be6 {[%clk 0:08:53]} d5 {[%clk 0:11:33]} 23. Qg2
{[%clk 0:07:55]} Bf8 {[%clk 0:10:43]} 24. Qg5 {[%clk 0:05:08]} d4
{[%clk 0:09:16]} 25. Qxe5 {[%clk 0:04:01]} Bd6 {[%clk 0:09:04]} 26. Qf5
{[%clk 0:01:24]} dxe3 {[%clk 0:08:42]} 27. e5 {[%clk 0:01:13]} Bxf3
{[%clk 0:07:36]} 28. exd6 {[%clk 0:01:12]} Bxh1 {[%clk 0:07:29]} 29. d7+
{[%clk 0:00:30]} Ke7 {[%clk 0:07:19]} 30. Qe5 {[%clk 0:00:29]} Qe4
{[%clk 0:07:10]} 31. Qd6# 1-0

[Event "MCR mladeze v rapidu 2019"]
[Site "Trest"]
[Date "2019.09.07"]
[Round "1"]
[White "Brozka, Karel"]
[Black "Tajovsky, Simon"]
[Result "1-0"]
[BlackElo "1540"]
[WhiteElo "1971"]
[LiveChessVersion "1.4.8"]

1. d4 {[%clk 0:20:03]} Nf6 {[%clk 0:20:08]} 2. Nf3 {[%clk 0:20:06]} e6
{[%clk 0:20:09]} 3. c4 {[%clk 0:20:03]} c5 {[%clk 0:19:53]} 4. Nc3
{[%clk 0:19:20]} d5 {[%clk 0:19:56]} 5. cxd5 {[%clk 0:19:02]} exd5
{[%clk 0:19:56]} 6. Bg5 {[%clk 0:19:02]} cxd4 {[%clk 0:19:56]} 7. Nxd4
{[%clk 0:18:46]} Bb4 8. Qa4+ {[%clk 0:16:24]} Qd7 {[%clk 0:17:08]} 9. Qxb4
{[%clk 0:16:02]} Nc6 {[%clk 0:16:26]} 10. Nxc6 {[%clk 0:16:02]} Qxc6
{[%clk 0:16:26]} 11. e3 {[%clk 0:15:57]} a6 {[%clk 0:15:16]} 12. Be2
{[%clk 0:15:37]} Be6 {[%clk 0:13:56]} 13. Qd4 {[%clk 0:15:23]} O-O-O
{[%clk 0:12:34]} 14. Rc1 {[%clk 0:15:17]} Kb8 {[%clk 0:12:22]} 15. O-O
{[%clk 0:14:56]} Rhg8 {[%clk 0:11:13]} 16. Nb5 {[%clk 0:14:41]} axb5 17. Rxc6
{[%clk 0:14:42]} bxc6 {[%clk 0:08:42]} 18. Qb6+ {[%clk 0:14:45]} Ka8
{[%clk 0:08:36]} 19. Qxc6+ {[%clk 0:14:48]} Ka7 {[%clk 0:08:25]} 20. Qc7+
{[%clk 0:14:51]} Ka8 {[%clk 0:08:22]} 21. Bxb5 Rc8 22. Bc6# {[%clk 0:14:46]} 1-0